[Event "47th GRE-chT 2019"]
[Site "Patra"]
[Date "2019.07.02"]
[Round "1.19"]
[White "Liakos, Christos - Konstanti"]
[Black "Tsarsitalidis, Konstantinos"]
[Result "0-1"]
[WhiteElo "1479"]
[BlackElo "2001"]
[Annotator "NA RC"]
[PlyCount "126"]
[EventDate "2019.07.02"]
[EventCountry "GRE"]
[SourceTitle "playchess.com"]
[Source "ChessBase"]
[SourceQuality "1"]
[TimeControl "5400+30"]

1. e4 {[%emt 0:00:00]} c5 {[%emt 0:00:00]} 2. Nc3 {[%emt 0:00:09]} a6 {[%emt 0:00:00]} 3. f4 {[%emt 0:00:28]} b5 {[%emt 0:00:00]} 4. g3 {[%emt 0:00:30]} Bb7 {[%emt 0:00:00]} 5. Bg2 {[%emt 0:00:25]} e6 {[%emt 0:00:06]} 6. d3 {[%emt 0:00:36]} d5 {[%emt 0:03:57]} 7. Qe2 {[%emt 0:03:21] B23: Closed Sicilian: Lines without g3} d4 {[%emt 0:01:13]} 8. Nd1 {[%emt 0:00:21]} Nc6 {[%emt 0:05:42]} 9. Nf3 {[%emt 0:00:50]} Nf6 {[%emt 0:00:22]} 10. O-O {[%emt 0:00:58]} Be7 {[%emt 0:00:45]} 11. f5 $146 {[%emt 0:02:33]} ({Predecessor:} 11. Nf2 Qb6 12. a4 h6 13. h4 Qc7 14. Bh3 Nd7 15. axb5 axb5 16. Rxa8+ Bxa8 {0-1 (56) Sambuev,B (2524)-Kovalyov,A (2651) Edmonton 2018}) 11... e5 {[%emt 0:05:34]} 12. Ng5 {[%emt 0:02:51]} h6 {[%emt 0:04:43]} 13. Nh3 {[%emt 0:00:33]} h5 {[%emt 0:00:03]} 14. Ng5 {[%emt 0:02:17]} Qc7 {[%emt 0:14:09]} 15. a3 {[%emt 0:05:14]} Bd6 {[%emt 0:00:47]} 16. Kh1 {[%emt 0:07:57]} O-O-O {[%emt 0:00:52]} 17. Nf2 {[%emt 0:06:30]} Rdf8 {[%emt 0:01:35]} 18. Bd2 {[%emt 0:05:49]} Qe7 {[%emt 0:03:02]} 19. h3 {[%emt 0:05:03]} Kb8 {[%emt 0:02:20]} 20. c3 {[%emt 0:02:40]} g6 {[%emt 0:04:48]} 21. fxg6 {[%emt 0:02:32]} fxg6 {[%emt 0:00:10]} 22. a4 {[%emt 0:04:05]} Bc8 {[%emt 0:01:18]} 23. axb5 {[%emt 0:00:51]} axb5 {[%emt 0:00:07]} 24. Ra2 {[%emt 0:08:06]} Nh7 {[%emt 0:03:56]} 25. Nf3 {[%emt 0:03:16]} g5 {[%emt 0:02:53]} 26. Ne1 {[%emt 0:00:22]} Be6 {[%emt 0:02:21]} 27. c4 {[%emt 0:02:40]} g4 {[%emt 0:01:28]} 28. h4 {[%emt 0:00:19]} b4 {[%emt 0:00:59]} 29. b3 {[%emt 0:00:11]} Rf7 {[%emt 0:00:13]} 30. Qd1 {[%emt 0:01:36]} Bc8 {[%emt 0:02:00]} 31. Qa1 {[%emt 0:00:58]} Bb7 {[%emt 0:00:05]} 32. Kh2 {[%emt 0:02:18]} Rhf8 {[%emt 0:01:27]} 33. Bh6 {[%emt 0:00:47]} Rg8 {[%emt 0:00:17]} 34. Rb2 {[%emt 0:01:35]} Rg6 {[%emt 0:00:20]} 35. Bc1 {[%emt 0:01:06]} Rgf6 {[%emt 0:02:50]} 36. Qa2 {[%emt 0:02:22]} Qf8 {[%emt 0:02:43]} 37. Rc2 {[%emt 0:00:22]} Bc8 {[%emt 0:03:10]} 38. Kg1 {[%emt 0:03:06]} Qd8 {[%emt 0:03:22]} 39. Qa4 {[%emt 0:00:26]} Qb6 {[%emt 0:01:55]} 40. Qa2 {[%emt 0:00:00]} Ra7 {[%emt 0:00:00]} 41. Qb2 {[%emt 0:00:00]} Ra6 {[%emt 0:00:00]} 42. Nd1 {[%emt 0:00:00]} Qa7 {[%emt 0:00:00]} 43. Rxf6 {[%emt 0:00:00]} Nxf6 {[%emt 0:00:00]} 44. Rf2 {[%emt 0:00:00]} Ne8 {[%emt 0:00:00]} 45. Nc2 {[%emt 0:00:00]} Be6 {[%emt 0:00:00]} 46. Bh6 {[%emt 0:00:00]} Be7 {[%emt 0:00:00]} 47. Qb1 {[%emt 0:00:00]} Kc8 {[%emt 0:00:00]} 48. Nb2 {[%emt 0:00:00]} Na5 {[%emt 0:00:00]} 49. Nd1 {[%emt 0:00:00]} Bf6 {[%emt 0:00:00]} 50. Bf8 {[%emt 0:00:00]} Nb7 {[%emt 0:00:00]} 51. Nb2 {[%emt 0:00:00]} Qb6 {[%emt 0:00:00]} 52. Na4 {[%emt 0:00:00]} Qc7 {[%emt 0:00:00]} 53. Bf1 {[%emt 0:00:00]} Bd7 {[%emt 0:00:31]} 54. Nb2 {[%emt 0:00:00]} Qd8 {[%emt 0:02:49]} 55. Qc1 {[%emt 0:00:00]} Ng7 {[%emt 0:08:29]} 56. Bxg7 {[%emt 0:00:00]} Bxg7 {[%emt 0:00:05]} 57. Be2 {[%emt 0:06:34]} Bh6 {[%emt 0:01:43]} 58. Qb1 {[%emt 0:00:29]} Qa5 {[%emt 0:00:36]} 59. Bd1 $2 {[%emt 0:04:44]} (59. Rf1) 59... Qa2 $19 {[%emt 0:00:40]} 60. Qxa2 {[%emt 0:00:14]} Rxa2 {[%emt 0:00:05]} 61. Na4 {[%emt 0:00:17]} Bxa4 {[%emt 0:00:11]} 62. bxa4 {[%emt 0:00:14]} b3 {[%emt 0:00:05]} 63. Ne1 {[%emt 0:00:20]} Be3 {[%emt 0:00:04]} 0-1

[Event "47th GRE-chT 2019"]
[Site "Patra"]
[Date "2019.07.02"]
[Round "1.19"]
[White "Sidiropoulos, Vasilis"]
[Black "Vrailas, Marios"]
[Result "0-1"]
[WhiteElo "1479"]
[BlackElo "1285"]
[Annotator "NA"]
[PlyCount "72"]
[EventDate "2019.07.02"]
[EventCountry "GRE"]
[SourceTitle "playchess.com"]
[Source "ChessBase"]
[SourceQuality "1"]
[TimeControl "5400+30"]

1. e4 {[%emt 0:00:00]} c5 {[%emt 0:00:00]} 2. c3 {[%emt 0:00:00]} Nf6 {[%emt 0:00:31]} 3. e5 {[%emt 0:00:00]} Nd5 {[%emt 0:00:45]} 4. d4 {[%emt 0:00:00]} cxd4 {[%emt 0:03:36]} 5. Nf3 {[%emt 0:00:38]} e6 {[%emt 0:06:54]} 6. cxd4 {[%emt 0:02:23]} d6 {[%emt 0:06:30]} 7. a3 {[%emt 0:00:41]} Nc6 {[%emt 0:03:17]} 8. Bd3 {[%emt 0:00:13]} Be7 {[%emt 0:04:21]} 9. O-O {[%emt 0:00:24]} Bd7 {[%emt 0:12:22]} 10. Re1 {[%emt 0:07:02]} Rc8 {[%emt 0:05:19]} 11. Be4 {[%emt 0:21:20]} dxe5 {[%emt 0:04:15]} 12. dxe5 {[%emt 0:01:14]} Nb6 {[%emt 0:01:38]} 13. Qd3 {[%emt 0:04:38]} Qc7 {[%emt 0:04:57]} 14. Bf4 {[%emt 0:12:22]} h6 {[%emt 0:03:13]} 15. h3 {[%emt 0:08:34]} Na4 {[%emt 0:02:18]} 16. b4 {[%emt 0:02:53]} a5 {[%emt 0:10:44]} 17. Qb3 {[%emt 0:07:56]} b5 {[%emt 0:02:28]} 18. Rc1 {[%emt 0:05:47]} O-O {[%emt 0:05:09]} 19. Bxc6 {[%emt 0:05:03]} Bxc6 {[%emt 0:00:20]} 20. Nd4 {[%emt 0:00:21]} Qb7 {[%emt 0:00:47]} 21. Rxc6 {[%emt 0:03:06]} Rxc6 {[%emt 0:00:16]} 22. Nxc6 {[%emt 0:00:03]} Qxc6 {[%emt 0:00:07]} 23. bxa5 {[%emt 0:00:43]} Ra8 {[%emt 0:00:23]} 24. Bd2 {[%emt 0:02:56]} Bd8 {[%emt 0:01:36]} 25. Qd3 {[%emt 0:05:22]} Bc7 {[%emt 0:00:48]} 26. f4 {[%emt 0:02:23]} Rd8 {[%emt 0:02:51]} 27. Qf3 {[%emt 0:01:55]} Qc2 {[%emt 0:02:46]} 28. a6 {[%emt 0:01:12]} Qb2 {[%emt 0:00:19]} 29. Bc3 {[%emt 0:00:41]} Nxc3 {[%emt 0:00:44]} 30. Qxc3 {[%emt 0:00:03]} Rd1+ {[%emt 0:00:36]} 31. Kh2 {[%emt 0:00:35]} Qxc3 {[%emt 0:00:28]} 32. Nxc3 {[%emt 0:00:47]} Rxa1 {[%emt 0:00:05]} 33. a4 {[%emt 0:02:00]} Bb6 {[%emt 0:01:29]} 34. axb5 {[%emt 0:01:42]} Ra5 {[%emt 0:01:39]} 35. g3 {[%emt 0:01:01]} Bd4 {[%emt 0:01:33]} 36. Ne2 {[%emt 0:01:15]} Ra2 0-1

[Event "47th GRE-chT 2019"]
[Site "Patra"]
[Date "2019.07.02"]
[Round "1.20"]
[White "Papaoulakis, Isidoros"]
[Black "Soukarie, Zorz"]
[Result "1/2-1/2"]
[WhiteElo "1393"]
[BlackElo "1324"]
[Annotator "NA RC"]
[PlyCount "96"]
[EventDate "2019.07.02"]
[EventCountry "GRE"]
[SourceTitle "playchess.com"]
[Source "ChessBase"]
[SourceQuality "1"]
[TimeControl "5400+30"]

1. d4 {[%emt 0:00:00]} Nf6 {[%emt 0:00:00]} 2. g3 {[%emt 0:00:00]} e6 {[%emt 0:00:24]} 3. Bg2 {[%emt 0:00:01]} d5 {[%emt 0:02:37]} 4. Nf3 {[%emt 0:02:12]} Bd6 {[%emt 0:02:50]} 5. O-O {[%emt 0:01:15]} O-O {[%emt 0:00:25]} 6. b3 {[%emt 0:01:37]} Nbd7 {[%emt 0:04:29]} 7. Bb2 {[%emt 0:03:20]} c6 {[%emt 0:24:06]} 8. c4 {[%emt 0:09:21]} b6 {[%emt 0:02:57]} 9. Nbd2 {[%emt 0:06:57]} Qc7 {[%emt 0:27:01]} 10. Rc1 {[%emt 0:07:00]} Qb8 {[%emt 0:01:20]} 11. Re1 {[%emt 0:04:17]} Bb7 {[%emt 0:00:29]} 12. cxd5 {[%emt 0:04:50]} cxd5 {[%emt 0:00:43]} 13. Qc2 {[%emt 0:02:57]} a5 {[%emt 0:14:26]} 14. a3 {[%emt 0:11:15]} Ra7 {[%emt 0:08:34]} 15. e3 {[%emt 0:04:49]} Rc8 {[%emt 0:03:07]} 16. Qd3 {[%emt 0:05:00]} Ba6 {[%emt 0:00:54]} 17. Rxc8+ {[%emt 0:02:50]} Qxc8 {[%emt 0:00:10]} 18. Qb1 {[%emt 0:00:54]} Qb8 {[%emt 0:03:12]} 19. Qa1 {[%emt 0:03:12]} h6 {[%emt 0:00:53]} 20. Ne5 {[%emt 0:02:05]} Bb7 21. Rc1 {[%emt 0:02:27]} Bxe5 {[%emt 0:00:59]} 22. dxe5 {[%emt 0:00:09]} Ne4 {[%emt 0:00:12]} 23. Nxe4 {[%emt 0:00:51]} dxe4 {[%emt 0:00:05]} 24. Bd4 {[%emt 0:02:26]} Bd5 {[%emt 0:00:28]} 25. Qb1 {[%emt 0:01:36]} Nxe5 {[%emt 0:01:24]} 26. Bxe4 {[%emt 0:03:21]} Nd7 {[%emt 0:00:17]} 27. Bxd5 {[%emt 0:00:37]} exd5 {[%emt 0:00:03]} 28. Rc6 {[%emt 0:01:16]} Rc7 {[%emt 0:00:43]} 29. Qc2 {[%emt 0:00:24]} Rxc6 {[%emt 0:01:04]} 30. Qxc6 {[%emt 0:00:09]} Qa7 {[%emt 0:00:36]} 31. Qxd5 {[%emt 0:00:13]} Qc7 {[%emt 0:00:06]} 32. Qc4 {[%emt 0:02:55]} Qd6 {[%emt 0:00:33]} 33. a4 {[%emt 0:00:55]} Nf6 {[%emt 0:00:35]} 34. Qc8+ {[%emt 0:01:39]} Kh7 {[%emt 0:00:07]} 35. Qf5+ {[%emt 0:00:26]} Kg8 {[%emt 0:00:04]} 36. Bxf6 {[%emt 0:00:45]} gxf6 {[%emt 0:00:04]} 37. Qc8+ {[%emt 0:00:39]} Kg7 {[%emt 0:00:30]} 38. Qc4 {[%emt 0:00:12]} Qd1+ {[%emt 0:01:05]} 39. Kg2 {[%emt 0:00:14]} Qd6 {[%emt 0:00:14]} 40. h3 {[%emt 0:00:00]} Kg8 {[%emt 0:00:00]} 41. e4 {[%emt 0:00:00]} Kg7 {[%emt 0:00:00]} 42. Qd5 {[%emt 0:00:00]} Qc7 {[%emt 0:00:00]} 43. h4 {[%emt 0:00:00]} Kg8 {[%emt 0:00:00]} 44. Qd3 {[%emt 0:00:00]} Qc6 {[%emt 0:00:00]} 45. g4 {[%emt 0:00:00]} Qe6 {[%emt 0:00:00]} 46. Kg3 {[%emt 0:00:00]} Qe5+ {[%emt 0:00:32]} 47. f4 {[%emt 0:00:04]} Qc5 {[%emt 0:00:15]} 48. Qf3 {[%emt 0:01:03]} Kg7 1/2-1/2

[Event "47th GRE-chT 2019"]
[Site "Patra"]
[Date "2019.07.02"]
[Round "1.21"]
[White "Saric, Ivan"]
[Black "Nevednichy, Vladislav"]
[Result "1-0"]
[WhiteElo "2680"]
[BlackElo "2531"]
[Annotator "TA"]
[PlyCount "89"]
[EventDate "2019.07.02"]
[EventCountry "GRE"]
[SourceTitle "playchess.com"]
[Source "ChessBase"]
[SourceQuality "1"]

{[%evp 12,89,22,18,20,23,27,29,56,44,46,58,64,-29,-29,-75,-65,-74,-68,-62,-64,-69,-68,-68,0,-125,-155,-139,-152,-146,53,53,60,47,163,160,278,275,365,346,337,352,372,341,341,131,97,79,110,107,89,79,113,91,480,294,451,255,742,391,384,374,354,316,435,435,1186,1031,6107,6203,6203,6141,6386,6386,29970,29968,29970,4610,29970,29970]} 1. e4 e6 2. d4 d5 3. Nc3 Bb4 4. e5 c5 5. a3 Bxc3+ 6. bxc3 Qc7 7. Qg4 Kf8 {C18: French: 3 Nc3 Bb4: Main line: 7 h4 and 7 Qg4} (7... cxd4 $2 8. Qxg7 (8. Qxd4 Nc6 $17) 8... Qxc3+ 9. Kd1 $18) (7... f6 8. Bb5+ Kf8 9. Nf3 Qa5 10. Rb1 a6 11. Be2 Qxc3+ 12. Bd2 Qxc2 13. Rc1 Qe4 14. Qg3 Nc6 15. Rxc5 Nge7 16. exf6 gxf6 {0-1 (60) Perunovic,M (2600)-Ponkratov,P (2644) Germany 2019}) 8. Bd2 b6 9. Nh3 Ne7 $146 {White has an edge.} ({Predecessor:} 9... Ba6 10. Nf4 Bxf1 11. Rxf1 Qd7 12. c4 Nh6 13. Qf3 Nc6 14. c3 dxc4 15. dxc5 {0-1 (24) Fraser,J (1959)-Ilett,R Douglas 2005}) 10. Nf4 $1 Nbc6 11. Nh5 $1 Rg8 12. Bd3 (12. Rb1 $14) 12... cxd4 $11 13. O-O dxc3 $1 (13... Qxe5 $2 14. Bf4 $18) (13... Nxe5 $2 14. Qg3 $16) 14. Bf4 Ng6 $1 ({Don't go for} 14... Nxe5 $2 15. Qg3 $18) 15. Rfe1 Qe7 16. Bg5 Qc5 17. Qg3 Qa5 ({Better is} 17... a5 $15 18. Rad1 Bb7) 18. h4 (18. Bxg6 $11 hxg6 19. Nf4) 18... Ba6 $1 $17 19. Bxg6 hxg6 ({Worse is} 19... fxg6 20. Nf4 $16) 20. Nf4 {intending h5.} Nd4 $2 (20... Rh8 $1 $17 {And now ...Qc5 would win.} 21. Qh3 Re8) 21. Rad1 $1 $14 {[%cal Rd1d4]} Qc5 {[#]} (21... Nxc2 22. Nxd5 $1 {[%mdl 512]} Rh8 23. Be7+ Kg8 24. Bb4 $17) 22. Nxg6+ $1 {[%mdl 512]} Ke8 (22... fxg6 $14 23. Be3 Ne2+ 24. Rxe2 Qe7) 23. Ne7 $1 $18 {[%cal Re7g8]} Rf8 (23... Ne2+ $16 24. Rxe2 Bxe2) 24. Qg4 Nxc2 25. Qa4+ {[%mdl 64] Double Attack} Bb5 26. Qxc2 d4 27. Qh7 d3 {...d2 would now be nice for Black.} 28. Rxd3 $2 (28. Qxg7 $18 {has better winning chances. aiming for Ng8.} d2 29. Rxd2 $1 {[%mdl 512]} cxd2 30. Bxd2 Qxa3 31. Ng8) 28... Bxd3 $16 29. Qxd3 {Threatens to win with Rd1.} Rd8 30. Qe4 {Black must now prevent Qb7.} c2 {[#]} 31. Kh2 $1 Rh8 {Threatening ...Rh5.} 32. Rc1 f6 $2 {[%mdl 8192]} (32... Rd4 $16 {is more resistant.} 33. Qxc2 Qxc2 34. Rxc2 Kd7) 33. Ng6 fxg5 (33... Rd4 {might work better.} 34. Qxc2 fxg5 35. Nxh8 (35. Qxc5 Rhxh4+ 36. Nxh4 Rxh4+ 37. Kg3 bxc5 $11) 35... Rxh4+ 36. Kg1 Qxc2 37. Rxc2 Ra4) 34. Nxh8 $40 {[%mdl 128] Black is in trouble.} (34. Rxc2 $142 Qd4 35. Qxd4 Rxd4 36. Nxh8) 34... Qxf2 $2 (34... Rd2 35. hxg5 Rxf2) 35. Rxc2 Qxh4+ 36. Qxh4 gxh4 $18 {[%mdl 4096] Endgame KRN-KR} 37. Rc7 Rd3 38. Rxa7 g5 (38... Rg3 $142 39. a4 Rg5) 39. Ng6 b5 40. Re7+ Kd8 41. Rxe6 Rxa3 42. Rf6 Re3 43. e6 b4 44. Rf8+ Kc7 45. e7 {Accuracy: White = 71%, Black = 34%.} 1-0

[Event "47th GRE-chT 2019"]
[Site "Patra"]
[Date "2019.07.02"]
[Round "1.22"]
[White "Papadopoulos, Georgios"]
[Black "Pavlidis, Antonios"]
[Result "0-1"]
[WhiteElo "2378"]
[BlackElo "2546"]
[Annotator "ChessBase"]
[PlyCount "56"]
[EventDate "2019.07.02"]
[EventCountry "GRE"]
[SourceTitle "playchess.com"]
[Source "ChessBase"]
[SourceQuality "1"]
[TimeControl "5400+30"]

1. d4 {[%emt 0:00:00]} Nf6 {[%emt 0:00:00]} 2. c4 {[%emt 0:00:00]} g6 {[%emt 0:00:00]} 3. Nc3 {[%emt 0:00:00]} Bg7 {[%emt 0:00:00]} 4. e4 {[%emt 0:00:00]} d6 {[%emt 0:00:00]} 5. Be2 {[%emt 0:00:10]} O-O {[%emt 0:00:00]} 6. Be3 {[%emt 0:00:11]} Nc6 {[%emt 0:00:00]} 7. d5 {[%emt 0:00:05]} Ne5 {[%emt 0:00:00]} 8. f4 {[%emt 0:00:10]} Neg4 {[%emt 0:00:21]} 9. Bd2 {[%emt 0:00:14]} Nh6 {[%emt 0:04:51]} 10. h3 {[%emt 0:01:33]} e6 {[%emt 0:09:14]} 11. dxe6 {[%emt 0:00:23]} fxe6 {[%emt 0:02:16]} 12. g4 {[%emt 0:01:15]} b5 {[%emt 0:18:23]} 13. cxb5 {[%emt 0:06:48]} Bb7 {[%emt 0:11:56]} 14. Qb3 {[%emt 0:02:37]} Nd7 {[%emt 0:13:22]} 15. g5 {[%emt 0:06:43]} Nc5 {[%emt 0:10:43]} 16. Qc4 {[%emt 0:02:39]} Bxc3 {[%emt 0:10:11]} 17. bxc3 {[%emt 0:00:13]} Bxe4 {[%emt 0:02:09]} 18. Nf3 {[%emt 0:00:43]} Nf5 {[%emt 0:03:21]} 19. Kd1 {[%emt 0:04:18]} a5 {[%emt 0:02:33]} 20. bxa6 {[%emt 0:00:22]} Rb8 {[%emt 0:01:13]} 21. a7 {[%emt 0:00:02]} Rb6 {[%emt 0:03:20]} 22. Nd4 {[%emt 0:11:54]} Bd5 {[%emt 0:01:34]} 23. Nxf5 {[%emt 0:00:10]} Rxf5 {[%emt 0:00:23]} 24. Qd4 {[%emt 0:00:04]} Bxh1 {[%emt 0:00:23]} 25. c4 {[%emt 0:06:14]} Qa8 {[%emt 0:02:18]} 26. Bg4 {[%emt 0:05:29]} Bf3+ {[%emt 0:00:18]} 27. Kc1 {[%emt 0:01:55]} Bxg4 {[%emt 0:00:02]} 28. hxg4 {[%emt 0:00:11]} e5 {[%emt 0:03:39]} 0-1

[Event "47th GRE-chT 2019"]
[Site "Patra"]
[Date "2019.07.02"]
[Round "1.23"]
[White "Sandalakis, Angelos"]
[Black "Sigalas, Frangiskos"]
[Result "1-0"]
[WhiteElo "2429"]
[BlackElo "2228"]
[Annotator "NA"]
[PlyCount "82"]
[EventDate "2019.07.02"]
[EventCountry "GRE"]
[SourceTitle "playchess.com"]
[Source "ChessBase"]
[SourceQuality "1"]
[TimeControl "5400+30"]

1. Nf3 {[%emt 0:00:00]} Nf6 {[%emt 0:00:00]} 2. c4 {[%emt 0:00:00]} e6 {[%emt 0:00:00]} 3. g3 {[%emt 0:00:00]} b6 {[%emt 0:00:18]} 4. Bg2 {[%emt 0:00:06]} Bb7 {[%emt 0:00:07]} 5. O-O {[%emt 0:00:11]} Be7 {[%emt 0:00:18]} 6. Nc3 {[%emt 0:00:14]} O-O {[%emt 0:00:11]} 7. Re1 {[%emt 0:01:32]} d5 {[%emt 0:01:07]} 8. cxd5 {[%emt 0:02:56]} exd5 {[%emt 0:00:30]} 9. d4 {[%emt 0:00:08]} Nbd7 {[%emt 0:02:00]} 10. Bf4 {[%emt 0:01:41]} c5 {[%emt 0:02:05]} 11. Ne5 {[%emt 0:14:28]} Nxe5 {[%emt 0:31:27]} 12. Bxe5 {[%emt 0:02:32]} Rc8 {[%emt 0:07:39]} 13. dxc5 {[%emt 0:19:39]} Bxc5 {[%emt 0:14:01]} 14. e3 {[%emt 0:01:43]} Re8 {[%emt 0:11:47]} 15. Bd4 {[%emt 0:00:36]} Ne4 {[%emt 0:01:06]} 16. Bxe4 {[%emt 0:10:11]} dxe4 {[%emt 0:01:08]} 17. Bxc5 {[%emt 0:00:03]} Rxc5 {[%emt 0:00:58]} 18. Qxd8 {[%emt 0:00:07]} Rxd8 {[%emt 0:00:05]} 19. Red1 {[%emt 0:00:09]} Rcc8 {[%emt 0:12:55]} 20. Nb5 {[%emt 0:03:10]} g6 {[%emt 0:05:03]} 21. Nd6 {[%emt 0:07:36]} Rc7 {[%emt 0:00:17]} 22. Rd4 {[%emt 0:00:08]} Rcd7 {[%emt 0:00:39]} 23. Nxb7 {[%emt 0:04:22]} Rxd4 {[%emt 0:00:06]} 24. exd4 {[%emt 0:00:02]} Rxd4 {[%emt 0:00:22]} 25. Rc1 {[%emt 0:00:34]} Kf8 {[%emt 0:03:09]} 26. Rc8+ {[%emt 0:06:42]} Ke7 {[%emt 0:00:23]} 27. Ra8 {[%emt 0:00:04]} Rd1+ {[%emt 0:04:50]} 28. Kg2 {[%emt 0:00:05]} Rd2 {[%emt 0:00:05]} 29. Kf1 {[%emt 0:04:37]} a5 {[%emt 0:00:48]} 30. Ra7 {[%emt 0:01:51]} Rd7 {[%emt 0:01:01]} 31. Nxa5 {[%emt 0:00:47]} bxa5 {[%emt 0:00:18]} 32. Rxa5 {[%emt 0:02:12]} Rd2 {[%emt 0:00:42]} 33. Rb5 {[%emt 0:00:32]} Kd6 {[%emt 0:00:09]} 34. a4 {[%emt 0:01:35]} Kc6 {[%emt 0:00:37]} 35. Rb4 {[%emt 0:02:41]} f5 {[%emt 0:00:30]} 36. a5 {[%emt 0:00:12]} Kc5 {[%emt 0:00:42]} 37. Rb7 {[%emt 0:00:42]} e3 {[%emt 0:00:31]} 38. fxe3 {[%emt 0:00:52]} Rxh2 {[%emt 0:00:30]} 39. a6 {[%emt 0:00:45]} Kc6 {[%emt 0:00:21]} 40. b4 {[%emt 0:00:00]} Ra2 {[%emt 0:00:00]} 41. b5+ {[%emt 0:00:00]} Kd5 {[%emt 0:00:00]} 1-0

[Event "47th GRE-chT 2019"]
[Site "Patra"]
[Date "2019.07.02"]
[Round "1.24"]
[White "Tzouganakis, Panteleimon"]
[Black "Kanakaris, Georgios"]
[Result "0-1"]
[WhiteElo "2197"]
[BlackElo "2413"]
[Annotator "NA"]
[PlyCount "70"]
[EventDate "2019.07.02"]
[EventCountry "GRE"]
[SourceTitle "playchess.com"]
[Source "ChessBase"]
[SourceQuality "1"]
[TimeControl "5400+30"]

1. e4 {[%emt 0:00:00]} c5 {[%emt 0:00:00]} 2. Nf3 {[%emt 0:00:01]} d6 {[%emt 0:00:20]} 3. Bb5+ {[%emt 0:01:55]} Nd7 {[%emt 0:00:15]} 4. d4 {[%emt 0:01:13]} cxd4 {[%emt 0:00:08]} 5. Qxd4 {[%emt 0:01:10]} a6 {[%emt 0:00:08]} 6. Bxd7+ {[%emt 0:00:09]} Bxd7 {[%emt 0:02:00]} 7. Nc3 {[%emt 0:04:40]} e5 {[%emt 0:02:06]} 8. Qd3 {[%emt 0:00:13]} h6 {[%emt 0:10:40]} 9. a4 {[%emt 0:02:34]} Nf6 {[%emt 0:01:34]} 10. O-O {[%emt 0:04:49]} Be7 {[%emt 0:12:01]} 11. Be3 {[%emt 0:02:54]} Qc7 {[%emt 0:06:28]} 12. Rfd1 {[%emt 0:20:00]} Bg4 {[%emt 0:07:47]} 13. a5 {[%emt 0:02:09]} Rc8 {[%emt 0:01:18]} 14. Bb6 {[%emt 0:07:25]} Qc6 {[%emt 0:19:48]} 15. Rd2 {[%emt 0:07:27]} O-O {[%emt 0:04:29]} 16. Rad1 {[%emt 0:15:34]} Qc4 {[%emt 0:11:12]} 17. Re2 {[%emt 0:10:08]} Rfe8 {[%emt 0:06:45]} 18. h3 {[%emt 0:00:07]} Be6 {[%emt 0:04:30]} 19. Qxc4 {[%emt 0:00:08]} Bxc4 {[%emt 0:01:05]} 20. Red2 {[%emt 0:04:31]} Be6 {[%emt 0:04:00]} 21. Ne1 {[%emt 0:01:42]} Rxc3 {[%emt 0:00:01]} 22. bxc3 {[%emt 0:00:07]} Nxe4 {[%emt 0:00:01]} 23. Rd3 {[%emt 0:00:12]} Rc8 {[%emt 0:03:11]} 24. c4 {[%emt 0:01:00]} Rxc4 {[%emt 0:01:21]} 25. Be3 {[%emt 0:01:15]} Nc3 {[%emt 0:00:18]} 26. Ra1 {[%emt 0:02:19]} Bf5 {[%emt 0:00:05]} 27. Rd2 {[%emt 0:02:07]} d5 {[%emt 0:00:49]} 28. Nd3 {[%emt 0:01:36]} d4 {[%emt 0:00:03]} 29. Nxe5 {[%emt 0:00:06]} dxe3 {[%emt 0:00:36]} 30. fxe3 {[%emt 0:01:17]} Re4 {[%emt 0:01:22]} 31. Nd3 {[%emt 0:01:00]} Rxe3 {[%emt 0:00:11]} 32. Rf1 {[%emt 0:01:29]} Be6 {[%emt 0:00:15]} 33. Kf2 {[%emt 0:00:25]} Re4 {[%emt 0:01:08]} 34. Re1 {[%emt 0:00:28]} Rxe1 {[%emt 0:00:03]} 35. Kxe1 {[%emt 0:00:05]} Bg5 {[%emt 3:29:55]} 0-1

[Event "47th GRE-chT 2019"]
[Site "Patra"]
[Date "2019.07.02"]
[Round "1.25"]
[White "Tsolakidou, Stavroula"]
[Black "Bulmaga, Irina"]
[Result "1/2-1/2"]
[WhiteElo "2426"]
[BlackElo "2435"]
[Annotator "NA"]
[PlyCount "63"]
[EventDate "2019.07.02"]
[EventCountry "GRE"]
[SourceTitle "playchess.com"]
[Source "ChessBase"]
[SourceQuality "1"]
[TimeControl "5400+30"]

1. d4 {[%emt 0:00:00]} Nf6 {[%emt 0:00:00]} 2. c4 {[%emt 0:00:00]} e6 {[%emt 0:00:00]} 3. g3 {[%emt 0:00:00]} c5 {[%emt 0:00:51]} 4. Nf3 {[%emt 0:03:39]} cxd4 {[%emt 0:00:34]} 5. Nxd4 {[%emt 0:00:05]} d5 {[%emt 0:00:06]} 6. Bg2 {[%emt 0:00:06]} e5 {[%emt 0:00:35]} 7. Nb3 {[%emt 0:00:09]} d4 {[%emt 0:02:14]} 8. O-O {[%emt 0:00:13]} Nc6 {[%emt 0:03:40]} 9. Bg5 {[%emt 0:00:52]} Be7 {[%emt 0:04:00]} 10. e3 {[%emt 0:00:33]} Bg4 {[%emt 0:04:23]} 11. Qd3 {[%emt 0:17:33]} e4 {[%emt 0:16:06]} 12. Qd2 {[%emt 0:08:59]} Bb4 {[%emt 0:15:57]} 13. Qc1 {[%emt 0:00:55]} Be2 {[%emt 0:04:07]} 14. N1d2 {[%emt 0:00:19]} Bxf1 {[%emt 0:02:13]} 15. Qxf1 {[%emt 0:00:08]} Be7 {[%emt 0:13:21]} 16. Bxf6 {[%emt 0:07:24]} Bxf6 {[%emt 0:00:26]} 17. Nxe4 {[%emt 0:00:28]} dxe3 {[%emt 0:03:21]} 18. Rd1 {[%emt 0:03:51]} exf2+ {[%emt 0:11:47]} 19. Kh1 {[%emt 0:10:18]} Qe7 {[%emt 0:00:06]} 20. Nd6+ {[%emt 0:17:17]} Kf8 {[%emt 0:00:09]} 21. Qxf2 {[%emt 0:01:56]} Rd8 {[%emt 0:01:11]} 22. c5 {[%emt 0:00:39]} Ne5 {[%emt 0:02:44]} 23. Rf1 {[%emt 0:07:35]} Nd3 {[%emt 0:05:08]} 24. Qf5 {[%emt 0:04:42]} Nxc5 {[%emt 0:04:24]} 25. Nxf7 {[%emt 0:09:49]} Kxf7 {[%emt 0:01:46]} 26. Nxc5 {[%emt 0:00:12]} Rhe8 {[%emt 0:02:53]} 27. Bd5+ {[%emt 0:04:36]} Rxd5 {[%emt 0:00:02]} 28. Qxd5+ {[%emt 0:00:05]} Kg6 {[%emt 0:00:06]} 29. Qf5+ {[%emt 0:01:25]} Kf7 {[%emt 0:00:17]} 30. Qd5+ {[%emt 0:00:27]} Kg6 {[%emt 0:00:03]} 31. Qf5+ {[%emt 0:00:40]} Kf7 {[%emt 0:00:06]} 32. Qd5+ {[%emt 0:00:25]} 1/2-1/2